| 000 | 00729nam a22002057a 4500 | ||
|---|---|---|---|
| 999 |
_c61678 _d61678 |
||
| 005 | 20240416124707.0 | ||
| 008 | 240416s1996 enk||||| |||| 00| 0 eng d | ||
| 020 | _a9780721659442x | ||
| 041 | _aeng | ||
| 080 | _a612(075.8) G-97 | ||
| 100 |
_aGuyton, Arthur C. _97318 |
||
| 245 |
_aTextbook of Medical Physiology / _cArthur C. Guyton, John E. Hall. |
||
| 250 | _aNinth edition | ||
| 264 |
_aPhiladelphia : _b W B Saunders Co, _c1996. |
||
| 300 |
_a1148 p.: _bill.; _c29 cm. |
||
| 653 | _aსამედიცინო ფიზიოლოგიის სახელმძღვანელო | ||
| 653 | _aმედიცინა | ||
| 700 |
_aHall, John E. _eავტორი _97315 |
||
| 942 |
_2udc _cᲬᲘᲒᲜᲘ |
||